| 000 | 00523nam a2200181Ia 4500 | ||
|---|---|---|---|
| 005 | 20250508160514.0 | ||
| 008 | 008 250505s9999 xx 000 0 eng d | ||
| 037 | _aTextual | ||
| 040 |
_aFEDL _beng _cFEDL |
||
| 041 |
_aeng _2eng |
||
| 084 |
_a510, HAC _qFEDL |
||
| 100 |
_aHackworth Robert D _9768664 |
||
| 245 | 0 | _aMathematical systems: Finite and infinite | |
| 260 |
_aNew York, USA _bHolt, Rinehart and Winston _c1969 |
||
| 300 | _axiii,314p | ||
| 942 |
_cTEXL _h510, HAC |
||
| 999 |
_c1365028 _d1365028 |
||